Musical Doctors - Statistics

General Stats
  • This quiz has been taken 25 times
  • The average score is 4 of 15
Answer Stats
Hint Answer % Correct
Doctor ____ - Thompson Twins - 1984 Doctor
83%
Doctor ____ - Tina Charles - 1977 Love
56%
Doctorin' The ______ - Timelords - 1988 Tardis
44%
Doctor ____ - Miami Sound Machine - 1994 Beat
39%
Doctor _____ - Aqua - 1998 Jones
33%
Doctor __ ____ - Jackson 5 - 1973 My Eyes
28%
Doctor _________ - 5000 Volts - 1976 Kiss Kiss
17%
Doctorin' The ____ - Coldcut Featuring Yazz & The Plastic Population - 1988 House
11%
Doctor ______ - Propaganda - 1984 Mabuse
11%
Doctor's _______ - Sunny - 1974 Orders
11%
Doctor ___ - Mankind - 1978 Who
11%
Don't Mess With Doctor _____ - Thompson Twins - 1985 Dream
6%
Doctor __________ - Cypress Hill - 1999 Greenthumb
6%
Doctor ____ - Sisters Of Mercy - 1990 Jeep
6%
____ Doctor - Cartoons - 1999 Witch
6%
No matching quizzes found
Score Distribution
Percent of People with Each Score
Percentile by Number Answered
Your Score History
You have not taken this quiz